000 00655nam a2200181Ia 4500
008 100921s9999 xx 000 0 und d
082 _b40960
_a891.463 न 06
100 _aदीक्षति श्रीधर.
245 _aससे आणि मोरपिसे.
260 _bश्रद्धा प्रकाशन,जळगांव.
_c2006
300 _a88
_bजयेश एजन्सी,पुणे.
365 _b80
520 _aललित-कथा.
630 _aससे आणि मोरपिसे.
650 _aललित-कथा.
730 _aससे आणि मोरपिसे.
942 _cBOOK
999 _c790073
_d790070